000 01140naa a22002537a 4500
001 BR8806487
003 BR-BrBNA
005 20240918180326.0
007 ta
008 230509b bl.||||| |||| 00| 0 por d
040 _aBR-BrBNA
_bpor
_cBiblioteca Nacional de Agricultura
041 _a(Pt)
072 _aC30
_b/G514
090 _aC30 BR8806487
110 1 _aInstituto e Estudos Politicos e Sociais, Rio de Janeiro, RJ (Brasil)
_96334
245 1 _aUma avaliacao da potencialidade do Estado do Rio de Janeiro como polo de informatica
260 3 _aRio de Janeiro, RJ (Brasil):
_c1983.
500 _aProjeto Pro-Rio: Problemas e potencialidades do Estado do Rio de Janeiro. Relatorio Geral 8. volume - Secao 6 - Capitulos 4, 5, 6 e 7 Rio de Janeiro, RJ (Brasil): 1983. p. 107-232 (BR8806487-AM)C30
650 _aINFORMATICA
650 _aRIO DE JANEIRO
773 0 _tProjeto Pro-Rio: Problemas e potencialidades do Estado do Rio de Janeiro. Relatorio Geral 8. volume - Secao 6 - Capitulos 4, 5, 6 e 7
_wC30 BR8806487
_gRio de Janeiro, RJ (Brasil), 1983. p. 107-232
909 _a202404
_bLucia
_c55
_dLucia Elande
942 _cAM
_2AGRIS
999 _c319829
_d319829